000 00249nam a2200109Ia 4500
008 220204s9999 xx 000 0 und d
082 _a82-3
_bKEE
100 _aKeegan, William
245 0 _aReal king
260 _aEngland
_bHamlyn
_c1979
942 _cBK
999 _c32776
_d32776